[Event "Open"]
[Site "Louviers"]
[Date "2008.05.09"]
[Round "3"]
[White "Mezier, Pascal"]
[Black "Levesque, Thomas"]
[Result "0-1"]
[WhiteElo "1220"]
[BlackElo "2042"]
[PlyCount "44"]
[EventDate "2008.05.18"]
[SourceDate "2008.05.20"]

1. e4 e6 2. Nf3 c5 3. d4 d5 4. exd5 exd5 5. dxc5 Bxc5 6. Be2 Nf6 7. Nd4 Ne4 8.
Be3 f5 9. O-O O-O 10. f4 Re8 11. Bf2 Qb6 12. b3 Nxf2 13. Rxf2 Bxd4 14. Kf1 Nc6
15. Rf3 Be6 16. c3 Bf7 17. Rh3 Re4 18. g3 Rae8 19. cxd4 Nxd4 20. Nc3 Re3 21.
Qd2 Rxc3 22. Bd3 Nf3 0-1

[Event "Open"]
[Site "Louviers"]
[Date "2008.05.09"]
[Round "3"]
[White "Arinal, Serge"]
[Black "Vallobra, Pierre"]
[Result "0-1"]
[WhiteElo "1680"]
[BlackElo "1906"]
[PlyCount "36"]
[EventDate "2008.05.18"]
[SourceDate "2008.05.21"]

1. Nf3 d5 2. d4 Nf6 3. c4 c6 4. Nc3 e6 5. Qc2 Be7 6. g4 dxc4 7. g5 Nd5 8. e4
Nb4 9. Qd1 c5 10. Bxc4 cxd4 11. Bb5+ N8c6 12. Nxd4 Qxd4 13. Be3 Qxd1+ 14. Kxd1
O-O 15. a3 Rd8+ 16. Kc1 Na6 17. f4 Nd4 18. h4 Nb3+ 0-1

[Event "Open"]
[Site "Louviers"]
[Date "2008.05.09"]
[Round "3"]
[White "Varigault, Nicole"]
[Black "Tridant, Thierry"]
[Result "0-1"]
[WhiteElo "1200"]
[BlackElo "2030"]
[PlyCount "50"]
[EventDate "2008.05.18"]
[SourceDate "2008.05.21"]

1. e4 d6 2. Nf3 Nf6 3. Nc3 g6 4. d3 Bg7 5. Be2 O-O 6. O-O c6 7. a3 Qb6 8. d4
Nbd7 9. b4 a5 10. Be3 axb4 11. d5 c5 12. axb4 Rxa1 13. Qxa1 Nxe4 14. Nxe4 Bxa1
15. Rxa1 Qxb4 16. Bd3 Ne5 17. Nxe5 dxe5 18. d6 exd6 19. Nf6+ Kg7 20. Ng4 Qxg4
21. g3 c4 22. Bf1 Bf5 23. c3 Be4 24. Ra3 Qf3 25. Bg2 Qxg2# 0-1

[Event "Open"]
[Site "Louviers"]
[Date "2008.05.09"]
[Round "3"]
[White "Bonte, Gerard"]
[Black "Jolly, Hugo"]
[Result "1-0"]
[WhiteElo "1640"]
[BlackElo "1099"]
[PlyCount "69"]
[EventDate "2008.05.18"]
[SourceDate "2008.05.21"]

1. c4 e6 2. d4 d5 3. Nc3 Nf6 4. e3 Bb4 5. Bd2 O-O 6. a3 Bxc3 7. Bxc3 Nc6 8. c5
b6 9. b4 Bb7 10. Bd3 Re8 11. Nf3 a6 12. b5 Ne7 13. c6 Bc8 14. O-O Nf5 15. a4
Qd6 16. Qb3 Ng4 17. h3 Nf6 18. Bb2 Qb4 19. Qc2 Nd6 20. Ba3 Qxa3 21. Rxa3 Nfe4
22. Ne5 f6 23. Nd7 Bxd7 24. cxd7 Re7 25. Qxc7 Ne8 26. dxe8=Q+ Rexe8 27. Bxe4 f5
28. Rc3 fxe4 29. Rfc1 h5 30. Qxb6 Kh7 31. Rc6 g6 32. Rxe6 Rab8 33. Rc7+ Kg8 34.
Rxg6+ Kh8 35. Qf6# 1-0

[Event "Open"]
[Site "Louviers"]
[Date "2008.05.10"]
[Round "4"]
[White "Javor, Besim"]
[Black "Le Bourhis, Dominique"]
[Result "0-1"]
[WhiteElo "1957"]
[BlackElo "2104"]
[PlyCount "136"]
[EventDate "2008.05.21"]
[SourceDate "2008.05.22"]

1. d4 d5 2. Bf4 Nf6 3. e3 e6 4. Nf3 Bd6 5. Bg5 Nbd7 6. Bd3 h6 7. Bh4 O-O 8. O-O
e5 9. dxe5 Nxe5 10. Nxe5 Bxe5 11. c3 c6 12. Nd2 Bd6 13. Re1 Be7 14. Bg3 Bg4 15.
f3 Be6 16. Bf2 Qc7 17. Nf1 Rad8 18. Bc2 Rfe8 19. Rc1 Qb6 20. Rb1 Qc7 21. Qd3 g6
22. Qe2 Bf8 23. a3 Qc8 24. Rbd1 Bf5 25. Bxf5 Qxf5 26. Ng3 Qc8 27. Qc2 Qc7 28.
e4 Bd6 29. exd5 Nxd5 30. Rxe8+ Rxe8 31. Nf1 Nf4 32. Re1 Rxe1 33. Bxe1 Qe7 34.
Bg3 Nh5 35. Kh1 Nxg3+ 36. hxg3 Qe1 37. Qd3 Bxg3 38. b4 b5 39. c4 bxc4 40. Qxc4
Bc7 41. g4 Bb6 42. Qxc6 Qxf1+ 43. Kh2 Bg1+ 44. Kg3 Qf2+ 45. Kf4 Bh2+ 46. Ke4
Qe2+ 47. Kd4 Bg1+ 48. Kc3 Qe3+ 49. Kc2 Qb6 50. Qe8+ Kg7 51. Qe5+ Qf6 52. Qe4
Qd4 53. Qb7 Qc4+ 54. Kd2 Bd4 55. Qe4 Bc3+ 56. Ke3 Qxe4+ 57. Kxe4 Bb2 58. a4 Bc3
59. b5 Kf6 60. Kd5 Ba5 61. Kc6 h5 62. Kb7 Bb6 63. gxh5 gxh5 64. Ka6 h4 65. a5
Bf2 66. Kb7 h3 67. b6 axb6 68. a6 b5 0-1

[Event "Open"]
[Site "Louviers"]
[Date "2008.05.10"]
[Round "4"]
[White "Haudrechy, Daniel"]
[Black "Goy, Wilfried"]
[Result "0-1"]
[WhiteElo "1810"]
[BlackElo "1906"]
[PlyCount "88"]
[EventDate "2008.05.21"]
[SourceDate "2008.05.22"]

1. d4 Nf6 2. c4 e6 3. Nd2 c5 4. e3 Nc6 5. Ngf3 d5 6. a3 cxd4 7. exd4 Be7 8. b4
dxc4 9. Nxc4 O-O 10. Bb2 a6 11. Rc1 Nd5 12. g3 Bd7 13. Bg2 Rc8 14. O-O h6 15.
Ncd2 Nf6 16. Re1 Bd6 17. Ne5 Nd5 18. Ne4 Qc7 19. Qh5 Be8 20. Nxd6 Qxd6 21. Qg4
Rd8 22. Rc5 Nxe5 23. dxe5 Qb8 24. Bc1 Kh8 25. Qh4 Kg8 26. Be4 f5 27. exf6 Nxf6
28. Bg2 Bb5 29. Bf4 Qa7 30. Rc7 Rf7 31. Rxf7 Kxf7 32. Be3 Qb8 33. Bh3 e5 34. f4
e4 35. g4 Rd3 36. Bf1 Rxe3 37. Rxe3 Qa7 38. Bxb5 Qxe3+ 39. Qf2 Qxf2+ 40. Kxf2
axb5 41. h3 Ke6 42. Ke3 Kd5 43. g5 hxg5 44. fxg5 Nh5 0-1

[Event "Open"]
[Site "Louviers"]
[Date "2008.05.10"]
[Round "4"]
[White "Boursier, Xavier"]
[Black "Ernouf, Anthony"]
[Result "1-0"]
[WhiteElo "2029"]
[BlackElo "1903"]
[PlyCount "47"]
[EventDate "2008.05.21"]
[SourceDate "2008.05.22"]

1. e4 c5 2. c3 Nf6 3. e5 Nd5 4. d4 cxd4 5. Nf3 Nc6 6. Bc4 e6 7. cxd4 Bb4+ 8.
Bd2 Qa5 9. O-O Bxd2 10. Qxd2 Qxd2 11. Nbxd2 Nc7 12. Ne4 Ke7 13. Rfd1 b5 14. Bf1
f5 15. Nc3 b4 16. Nb5 Nxb5 17. Bxb5 Bb7 18. d5 exd5 19. Rxd5 a6 20. Ba4 Rad8
21. Rad1 h6 22. Nh4 Ke6 23. Rd6+ Kf7 24. Rxd7+ 1-0

[Event "Open"]
[Site "Louviers"]
[Date "2008.05.10"]
[Round "4"]
[White "Blaise, Geoffrey"]
[Black "Mouhamad, Joachin"]
[Result "0-1"]
[WhiteElo "1730"]
[BlackElo "1899"]
[PlyCount "60"]
[EventDate "2008.05.21"]
[SourceDate "2008.05.22"]

1. e4 c5 2. Nf3 Nc6 3. Bb5 g6 4. O-O Bg7 5. Bxc6 bxc6 6. d4 cxd4 7. Nxd4 c5 8.
Nf3 d6 9. Nc3 Bb7 10. Qe2 Qb6 11. Nd5 Qc6 12. Qb5 Qxb5 13. Nc7+ Kd7 14. Nxb5
Bxe4 15. Ng5 Nf6 16. Nxf7 Rhf8 17. Ng5 Bxc2 18. Re1 e5 19. Bd2 h6 20. Nf3 Rab8
21. Na3 Be4 22. Nc4 Bxf3 23. gxf3 Nd5 24. Ne3 Nf4 25. Nc4 Nd3 26. Re3 Nxb2 27.
Nxb2 Rxb2 28. Bc3 Rb6 29. Rd1 Ke6 30. Ba5 Rb2 0-1

[Event "Open"]
[Site "Louviers"]
[Date "2008.05.10"]
[Round "4"]
[White "Delengaigne, Gregory"]
[Black "Varigault, Nicole"]
[Result "1-0"]
[WhiteElo "1490"]
[BlackElo "1200"]
[PlyCount "53"]
[EventDate "2008.05.21"]
[SourceDate "2008.05.22"]

1. e4 e5 2. Nf3 d6 3. Nc3 Nf6 4. Bc4 h6 5. d4 Nc6 6. O-O Bg4 7. Bb5 a6 8. Bxc6+
bxc6 9. dxe5 Bxf3 10. Qxf3 dxe5 11. Rd1 Bd6 12. Be3 c5 13. Bxc5 O-O 14. Rd3 Rb8
15. Rad1 Rxb2 16. Bxd6 cxd6 17. Rxd6 Qc7 18. Qg3 Rxc2 19. Rxf6 Rxc3 20. Rf3 Rc1
21. Rfd3 Rd8 22. Rxd8+ Qxd8 23. Rxc1 Qd4 24. Qg4 a5 25. Rc8+ Kh7 26. Qf5+ g6
27. Qxf7# 1-0

[Event "Open"]
[Site "Louviers"]
[Date "2008.05.10"]
[Round "4"]
[White "Saint-Gilles, Damien"]
[Black "Didierjean, Tristan"]
[Result "1/2-1/2"]
[WhiteElo "1620"]
[BlackElo "1834"]
[PlyCount "81"]
[EventDate "2008.05.21"]
[SourceDate "2008.05.22"]

1. e4 c5 2. Nf3 Nc6 3. c3 e6 4. d4 d5 5. e5 Be7 6. Bf4 g5 7. Be3 h5 8. h3 Nh6
9. Qd2 cxd4 10. cxd4 g4 11. Ng1 Nf5 12. hxg4 Nxe3 13. Qxe3 Bg5 14. Qc3 h4 15.
Nf3 Be7 16. a3 Kd7 17. Nbd2 a6 18. Qe3 b5 19. Qf4 Qg8 20. g5 Rh5 21. Rxh4 Bxg5
22. Nxg5 Rxg5 23. Nf3 Rg6 24. Rd1 Ne7 25. g3 Nf5 26. Rh2 Rg4 27. Qc1 Re4+ 28.
Be2 Bb7 29. Kf1 Rc8 30. Qd2 Rg4 31. Rh5 Rxg3 32. Rxf5 exf5 33. fxg3 Qxg3 34.
Qg5 Qh3+ 35. Qg2 Qh7 36. Bd3 Rg8 37. Bxf5+ Qxf5 38. Qxg8 Qxf3+ 39. Ke1 Qe3+ 40.
Kf1 Qf3+ 41. Ke1 1/2-1/2

[Event "Open"]
[Site "Louviers"]
[Date "2008.05.10"]
[Round "4"]
[White "Jolly, Hugo"]
[Black "Mezier, Pascal"]
[Result "0-1"]
[WhiteElo "1099"]
[BlackElo "1280"]
[PlyCount "74"]
[EventDate "2008.05.21"]
[SourceDate "2008.05.22"]

1. c4 c5 2. Nc3 e5 3. g3 d6 4. Bg2 Nf6 5. e3 Be7 6. Nge2 O-O 7. O-O Nbd7 8. a3
Nb6 9. Qb3 Rb8 10. d4 cxd4 11. exd4 exd4 12. Nxd4 h6 13. Bf4 a6 14. Nf5 Bxf5
15. Rad1 Qc7 16. Qb4 Nxc4 17. b3 Ne5 18. Nd5 Nxd5 19. Rxd5 f6 20. Rfd1 Bd7 21.
Qe4 Bc6 22. Bf1 Bxd5 23. Qxd5+ Kh8 24. Bxe5 dxe5 25. Qe4 Bxa3 26. Bd3 f5 27.
Qd5 Rbd8 28. Qe6 e4 29. Bc2 Qxc2 30. Rd7 Rxd7 31. Qxd7 Qxb3 32. Kg2 Qf3+ 33.
Kg1 Bc5 34. Qd2 Re8 35. Kf1 e3 36. Qc2 e2+ 37. Kg1 e1=Q# 0-1

[Event "Open"]
[Site "Louviers"]
[Date "2008.05.10"]
[Round "4"]
[White "Duverne, Jean-Marie"]
[Black "Aknouche, Abdesslem"]
[Result "1-0"]
[WhiteElo "2142"]
[BlackElo "1670"]
[PlyCount "40"]
[EventDate "2008.05.21"]
[SourceDate "2008.05.22"]

1. e4 b6 2. d4 g6 3. Be3 Bb7 4. Bd3 Bg7 5. Nf3 d6 6. Nbd2 Nf6 7. h3 Nbd7 8. O-O
O-O 9. c3 c5 10. Qe2 a6 11. Bf4 Re8 12. e5 dxe5 13. dxe5 Nd5 14. Bg3 f5 15.
Rfe1 b5 16. a4 c4 17. Bc2 Rc8 18. axb5 axb5 19. Nd4 Qb6 20. e6 N7f6 1-0

[Event "Open"]
[Site "Louviers"]
[Date "2008.05.10"]
[Round "4"]
[White "Bordelet, Louis"]
[Black "Bonte, Gerard"]
[Result "1-0"]
[WhiteElo "1840"]
[BlackElo "1640"]
[PlyCount "27"]
[EventDate "2008.05.21"]
[SourceDate "2008.05.22"]

1. e4 c5 2. Nf3 d6 3. d4 cxd4 4. Qxd4 Nc6 5. Bb5 Bd7 6. Bxc6 Bxc6 7. Nc3 Nf6 8.
Bg5 e5 9. Qd3 Be7 10. O-O-O O-O 11. Bxf6 gxf6 12. Nh4 Qc7 13. Nf5 Rad8 14. Qg3+
1-0

[Event "Open"]
[Site "Louviers"]
[Date "2008.05.10"]
[Round "4"]
[White "Vallobra, Pierre"]
[Black "Leguillon, David"]
[Result "1/2-1/2"]
[WhiteElo "1906"]
[BlackElo "1730"]
[PlyCount "132"]
[EventDate "2008.05.21"]
[SourceDate "2008.05.22"]

1. d4 e6 2. c4 Bb4+ 3. Nd2 d5 4. e3 c5 5. Ngf3 Nc6 6. a3 Qa5 7. Be2 cxd4 8.
exd4 Nf6 9. O-O Be7 10. b4 Qd8 11. c5 a6 12. Bb2 Ng4 13. h3 Nh6 14. Nb3 f5 15.
Qd2 Nf7 16. a4 Bg5 17. Nxg5 Nxg5 18. b5 Ne4 19. Qe1 Nb8 20. f3 Nf6 21. Bd3 O-O
22. Qd2 Nh5 23. f4 Ng3 24. Rf3 Nh5 25. Qe3 Qc7 26. Bc3 axb5 27. axb5 Rxa1+ 28.
Nxa1 Nf6 29. Nb3 Ne4 30. Ba5 Qf7 31. Bb4 Re8 32. Rf1 Nd7 33. Ra1 Ndf6 34. Ra7
Qh5 35. Be2 Qh4 36. Na5 Nh5 37. Bxh5 Qxh5 38. Qf3 Qh4 39. c6 bxc6 40. Nxc6 Kh8
41. b6 g5 42. fxg5 Nxg5 43. Qe3 Ne4 44. Bd6 e5 45. Bxe5+ Rxe5 46. Qa3 Qf2+ 47.
Kh2 Qf4+ 48. Kg1 Re8 49. Qb2 Qe3+ 50. Kh2 Qg3+ 51. Kg1 Ng5 52. Ne5 Nxh3+ 53.
Kh1 Nf2+ 54. Kg1 Ng4 55. Qd2 Qh2+ 56. Kf1 Qh1+ 57. Ke2 Nxe5 58. dxe5 Rxe5+ 59.
Kf3 Qh5+ 60. Kf2 Qh4+ 61. Kf1 Qh1+ 62. Kf2 Qh4+ 63. Kf1 f4 64. Qc3 Qh1+ 65. Kf2
Qh4+ 66. Kf1 Qh1+ 1/2-1/2

[Event "Open"]
[Site "Louviers"]
[Date "2008.05.10"]
[Round "4"]
[White "Voegele, Francois-Marie"]
[Black "Rodange, Barbara"]
[Result "0-1"]
[WhiteElo "1070"]
[BlackElo "1726"]
[PlyCount "96"]
[EventDate "2008.05.21"]
[SourceDate "2008.05.22"]

1. e4 d5 2. exd5 Nf6 3. Nc3 Nxd5 4. d4 Nc6 5. Be3 Nxe3 6. fxe3 Bf5 7. Nf3 e6 8.
Be2 Bd6 9. O-O Qf6 10. Qd2 Qh6 11. e4 Bxh2+ 12. Kf2 Bf4 13. Qd3 Bg4 14. Nb5
Bxf3 15. Bxf3 O-O-O 16. g3 Be5 17. c3 a6 18. Na3 Qg5 19. g4 Qh4+ 20. Ke2 Qh2+
21. Rf2 Qh4 22. Ke3 Bg3 23. Qd2 Qg5+ 24. Kd3 Qxd2+ 25. Kxd2 Bxf2 26. Rf1 Bg3
27. Kd3 Ne5+ 28. Ke3 Nxf3 29. Kxf3 Bd6 30. Nc4 Rhf8 31. Rh1 h6 32. a4 f5 33.
gxf5 exf5 34. Rg1 fxe4+ 35. Kxe4 Rde8+ 36. Kd3 g5 37. d5 b5 38. axb5 axb5 39.
Na5 Rf3+ 40. Kd4 Bf4 41. Nc6 Be3+ 42. Kd3 Bxg1+ 43. Kc2 Re2+ 44. Kb3 Rff2 45.
Ka3 Rxb2 46. Na7+ Kb7 47. Nc6 Ra2+ 48. Kb4 Rfb2# 0-1

[Event "Open"]
[Site "Louviers"]
[Date "2008.05.10"]
[Round "4"]
[White "Rousselin, Marc"]
[Black "Arinal, Serge"]
[Result "1/2-1/2"]
[WhiteElo "1480"]
[BlackElo "1680"]
[PlyCount "111"]
[EventDate "2008.05.21"]
[SourceDate "2008.05.22"]

1. e4 e6 2. d4 d5 3. Nc3 Nf6 4. e5 Nfd7 5. f4 c5 6. Nf3 Nc6 7. Be3 cxd4 8. Nxd4
a6 9. Be2 Nxd4 10. Bxd4 Be7 11. Qd2 O-O 12. O-O-O b5 13. Bd3 f6 14. Qe2 f5 15.
g4 Nc5 16. Bxc5 Bxc5 17. gxf5 exf5 18. Qe1 Be6 19. Kb1 Qa5 20. Ne2 Qxe1 21.
Rhxe1 Rab8 22. c3 g6 23. Nd4 Bxd4 24. cxd4 Rfc8 25. Rc1 Kg7 26. b4 Kh6 27. Rc5
Kh5 28. Rec1 Kg4 29. Rc6 Rxc6 30. Rxc6 Bc8 31. e6 Kxf4 32. Rd6 Bb7 33. e7 Re8
34. Rd7 Bc6 35. Rc7 Ke3 36. Bf1 Kxd4 37. Kb2 a5 38. bxa5 Kc5 39. Kc3 Kd6 40.
Ra7 Rxe7 41. Rxe7 Kxe7 42. a6 Kd6 43. Kd4 Kc7 44. Kc5 f4 45. h4 f3 46. a7 f2
47. a3 Kb7 48. a8=Q+ Kxa8 49. Kxc6 h6 50. Kxd5 g5 51. hxg5 hxg5 52. Ke4 Ka7 53.
Bxb5 Kb6 54. a4 Ka5 55. Kf3 f1=Q+ 56. Bxf1 1/2-1/2

[Event "Open"]
[Site "Louviers"]
[Date "2008.05.10"]
[Round "4"]
[White "Rouas, Yannick"]
[Black "Ferrant, Christophe"]
[Result "1/2-1/2"]
[WhiteElo "1930"]
[BlackElo "2151"]
[PlyCount "74"]
[EventDate "2008.05.21"]
[SourceDate "2008.05.22"]

1. d4 Nf6 2. Nf3 c5 3. c4 cxd4 4. Nxd4 e5 5. Nb3 Qc7 6. e3 a5 7. Be2 a4 8. N3d2
d5 9. Nc3 Bd7 10. cxd5 Bb4 11. O-O Bxc3 12. bxc3 Nxd5 13. Ne4 Nxc3 14. Nxc3
Qxc3 15. Qd6 Qxa1 16. Ba3 Qxf1+ 17. Kxf1 Nc6 18. Bb5 O-O-O 19. Bxa4 Rhe8 20.
Qc5 e4 21. Qb6 Re6 22. Bb3 Rh6 23. Bd5 Bg4 24. Bb3 Rxh2 25. Kg1 Rh6 26. Qc5 Kb8
27. Ba4 Rh5 28. Qb6 Rdd5 29. f3 exf3 30. Bxc6 Rd1+ 31. Kf2 Rd2+ 32. Kg3 Bc8 33.
Bxf3 Rg5+ 34. Kh2 Rg6 35. Qc5 Rxa2 36. Qe5+ Ka8 37. Qa5+ Kb8 1/2-1/2

[Event "Open"]
[Site "Louviers"]
[Date "2008.05.10"]
[Round "4"]
[White "Lefebvre, Richard"]
[Black "Vigneron, Frederic"]
[Result "0-1"]
[WhiteElo "1820"]
[BlackElo "1997"]
[PlyCount "96"]
[EventDate "2008.05.21"]
[SourceDate "2008.05.22"]

1. e4 g6 2. d4 c6 3. Be3 Bg7 4. Qd2 d5 5. Nc3 dxe4 6. Nxe4 Nd7 7. Nf3 Ngf6 8.
Nc3 O-O 9. Be2 b5 10. a3 Bb7 11. h4 h5 12. Ng5 a6 13. Rg1 e5 14. g4 exd4 15.
Bxd4 hxg4 16. Bxg4 c5 17. Be3 Nxg4 18. Rxg4 Ne5 19. Qxd8 Raxd8 20. Rg3 Nc4 21.
Bxc5 Rfe8+ 22. Kf1 Be5 23. Rd3 Nxb2 24. Rxd8 Rxd8 25. Bb4 Rd4 26. Rb1 Nc4 27.
Rd1 a5 28. Bc5 Rxh4 29. Rd8+ Kg7 30. Nxb5 Rh5 31. Nxf7 Bf3 32. Rh8 Rxh8 33.
Nxh8 Kxh8 34. Nd4 Bxd4 35. Bxd4+ Kg8 36. Bc5 Kf7 37. Ke1 Ke6 38. Kf1 Kd5 39.
Bf8 Kd4 40. Bg7+ Kc5 41. Bf8+ Kb5 42. Ke1 Ka4 43. Be7 Nxa3 44. Kd2 Be4 45. c3
Nc4+ 46. Ke2 Kb3 47. f3 Bf5 48. f4 a4 0-1

[Event "Open"]
[Site "Louviers"]
[Date "2008.05.10"]
[Round "4"]
[White "Guillaumat, Jean-Pierre"]
[Black "Bacon, Nicolas"]
[Result "1/2-1/2"]
[WhiteElo "1962"]
[BlackElo "2246"]
[PlyCount "98"]
[EventDate "2008.05.21"]
[SourceDate "2008.05.22"]

1. d4 d6 2. Nf3 f5 3. g3 g6 4. Bg2 Bg7 5. c4 Nf6 6. Nc3 O-O 7. O-O c6 8. d5 Qe8
9. Re1 Na6 10. Be3 Bd7 11. Rc1 Nc7 12. Qd2 c5 13. Bh6 b5 14. Bxg7 Kxg7 15. cxb5
Bxb5 16. e4 fxe4 17. Nxe4 Qd7 18. Nc3 Rae8 19. Rcd1 Ba6 20. Ng5 h6 21. Bh3 Qd8
22. Ne6+ Nxe6 23. Bxe6 Bc8 24. Qe2 Nh7 25. h4 Nf6 26. Rd2 h5 27. f3 Bxe6 28.
Qxe6 Nd7 29. f4 Nf6 30. Rde2 Qb6 31. Kg2 Qb7 32. f5 gxf5 33. Qxf5 e5 34. Qg5+
Kh8 35. Qh6+ Kg8 36. Rf1 Qg7 37. Qxg7+ Kxg7 38. Nb5 Nxd5 39. Rxf8 Rxf8 40. Nxd6
Rb8 41. Nc4 Nb4 42. Rxe5 Nd3 43. Rxh5 Nxb2 44. Rxc5 Nxc4 45. Rxc4 Rb2+ 46. Kh3
Rxa2 47. Rc6 Ra5 48. Kg4 Ra4+ 49. Kf5 Ra5+ 1/2-1/2

[Event "Open"]
[Site "Louviers"]
[Date "2008.05.10"]
[Round "4"]
[White "Criton, Roland"]
[Black "Josse, Sebastien"]
[Result "1-0"]
[WhiteElo "1954"]
[BlackElo "1849"]
[PlyCount "69"]
[EventDate "2008.05.21"]
[SourceDate "2008.05.22"]

1. d4 Nf6 2. c4 g6 3. Nc3 Bg7 4. e4 d6 5. f3 O-O 6. Be3 Na6 7. Nge2 c5 8. Nc1
cxd4 9. Bxd4 e5 10. Be3 Be6 11. Be2 Nc7 12. O-O Nh5 13. Qd2 Qd7 14. Rd1 Rfd8
15. Nb3 f5 16. Na5 f4 17. Bf2 Ne8 18. c5 Qc8 19. Nd5 Bf8 20. cxd6 Bxd6 21. Rac1
Qd7 22. Nc4 Qf7 23. Nxd6 Rxd6 24. Qc3 Qg7 25. Bb5 Rc8 26. Qxc8 Bxc8 27. Rxc8
Kf7 28. Rxe8 Re6 29. Rd8 Nf6 30. Rc1 Nxd5 31. exd5 Re7 32. d6 Re6 33. Rd7+ Kf8
34. Rxg7 Kxg7 35. Rd1 1-0

[Event "Open"]
[Site "Louviers"]
[Date "2008.05.10"]
[Round "4"]
[White "Levesque, Thomas"]
[Black "Dubost, Florian"]
[Result "1-0"]
[WhiteElo "2042"]
[BlackElo "1199"]
[PlyCount "73"]
[EventDate "2008.05.21"]
[SourceDate "2008.05.22"]

1. d4 f5 2. e4 fxe4 3. Nc3 Nf6 4. Bg5 c6 5. Bxf6 exf6 6. Nxe4 d5 7. Ng3 Be7 8.
Bd3 O-O 9. Nf3 Re8 10. Kf1 Bg4 11. c3 Nd7 12. h4 g6 13. h5 f5 14. hxg6 hxg6 15.
Qd2 Bxf3 16. Qh6 Bxg2+ 17. Kxg2 Kf7 18. Rae1 Rh8 19. Qe3 Rxh1 20. Qe6+ Kf8 21.
Rxh1 Bf6 22. Rh7 Bg7 23. Qxg6 Qf6 24. Qh5 Rc8 25. Nxf5 Rc7 26. Nxg7 Qxg7+ 27.
Bg6 Nf6 28. Qf5 Qxg6+ 29. Qxg6 Nxh7 30. Kf1 Rf7 31. Qd6+ Re7 32. Qb8+ Kf7 33.
Qxa7 Kf6 34. Qb8 Kf5 35. a4 Kg4 36. Qd6 Rg7 37. Qg3+ 1-0

[Event "Open"]
[Site "Louviers"]
[Date "2008.05.10"]
[Round "4"]
[White "Roussette, Stephane"]
[Black "Roussel, Julien"]
[Result "0-1"]
[WhiteElo "1870"]
[BlackElo "1599"]
[PlyCount "76"]
[EventDate "2008.05.21"]
[SourceDate "2008.05.22"]

1. e4 Nf6 2. d3 d5 3. Nd2 e5 4. Ngf3 Nc6 5. c3 Bc5 6. Be2 dxe4 7. dxe4 O-O 8.
O-O Qe7 9. b4 Bd6 10. b5 Nd8 11. Qc2 a6 12. bxa6 bxa6 13. Nc4 Bb7 14. Nxd6 cxd6
15. Bg5 Ne6 16. Bh4 h6 17. Bxf6 Qxf6 18. g3 Nc5 19. Nd2 Rac8 20. f4 Rc7 21.
fxe5 Qxe5 22. Bf3 Ne6 23. c4 Nd4 24. Qd3 Nxf3+ 25. Qxf3 f5 26. Rae1 Qb2 27. Qd3
Qxa2 28. Qxd6 Rcf7 29. e5 Qa4 30. e6 Rf6 31. Ra1 Qe8 32. Rfe1 f4 33. gxf4 Qg6+
34. Kf2 Rxf4+ 35. Ke2 Qc2 36. Ke3 Qc3+ 37. Ke2 Rf2+ 38. Kd1 Bf3+ 0-1

[Event "Open"]
[Site "Louviers"]
[Date "2008.05.10"]
[Round "4"]
[White "Lierville, Patrick"]
[Black "Lecoeur, Boris"]
[Result "0-1"]
[WhiteElo "1660"]
[BlackElo "1745"]
[PlyCount "70"]
[EventDate "2008.05.21"]
[SourceDate "2008.05.22"]

1. Nf3 Nf6 2. c4 c5 3. g3 g6 4. Bg2 Bg7 5. Nc3 Nc6 6. e3 O-O 7. O-O d6 8. d4
Bg4 9. h3 Bd7 10. b3 Qc8 11. Kh2 h6 12. Bb2 g5 13. Ng1 cxd4 14. exd4 Nxd4 15.
Rb1 Nc6 16. Re1 Ne5 17. Rc1 Bf5 18. Ne4 Nxe4 19. Bxe5 Nxf2 20. Bxg7 Nxd1 21.
Bd4 e5 22. Ba1 Nf2 23. Rf1 Ne4 24. g4 Bg6 25. Rcd1 Qe6 26. Rde1 f5 27. gxf5
Rxf5 28. Bxe4 Rxf1 29. Bd5 Qxd5 30. cxd5 Rxe1 31. Bc3 Re3 32. Bb4 Rc8 33. h4
Rc2+ 34. Kh1 Be4+ 35. Nf3 Bxf3+ 0-1

[Event "Open"]
[Site "Louviers"]
[Date "2008.05.10"]
[Round "4"]
[White "Tridant, Thierry"]
[Black "Deheij, Gerrit"]
[Result "1-0"]
[WhiteElo "2030"]
[BlackElo "1480"]
[PlyCount "85"]
[EventDate "2008.05.21"]
[SourceDate "2008.05.22"]

1. Nf3 Nf6 2. d4 d5 3. c4 e6 4. Nc3 c5 5. Bg5 Nc6 6. cxd5 exd5 7. e3 cxd4 8.
Nxd4 Be7 9. Be2 O-O 10. O-O a6 11. Qa4 Nxd4 12. Qxd4 Be6 13. Rfd1 Qa5 14. a3
Rfd8 15. Bf3 Qc5 16. Qxc5 Bxc5 17. Bxf6 gxf6 18. Bxd5 Rab8 19. Bxe6 fxe6 20.
Kf1 Kf7 21. Ke2 b5 22. Rac1 Bd6 23. Ne4 Be5 24. Rxd8 Rxd8 25. Rc2 h6 26. f4 f5
27. fxe5 fxe4 28. Rc7+ Kg6 29. Rc6 Kf5 30. Rxa6 Kxe5 31. Rb6 Rd5 32. Rc6 h5 33.
Rc8 Kf6 34. Rf8+ Ke7 35. Rf4 Rc5 36. Rxe4 Rc2+ 37. Kf3 Rxb2 38. Rb4 Rxb4 39.
axb4 Kf6 40. Ke4 Ke7 41. Ke5 h4 42. g3 hxg3 43. hxg3 1-0

[Event "Open"]
[Site "Louviers"]
[Date "2008.05.10"]
[Round "5"]
[White "Mezier, Pascal"]
[Black "Delengaigne, Gregory"]
[Result "1-0"]
[WhiteElo "1220"]
[BlackElo "1490"]
[PlyCount "105"]
[EventDate "2008.05.22"]
[SourceDate "2008.05.22"]

1. e4 e5 2. Nf3 Nc6 3. Bb5 a6 4. Bxc6 dxc6 5. Nxe5 Bd6 6. Nf3 Bg4 7. d4 Ne7 8.
Nbd2 O-O 9. h3 Bh5 10. c4 Bb4 11. d5 cxd5 12. exd5 c6 13. dxc6 Nxc6 14. O-O Ne5
15. g4 Bxd2 16. Nxd2 Bg6 17. b3 Nd3 18. Nf3 Nb4 19. Qxd8 Raxd8 20. Bb2 Rd3 21.
Nh2 Rxh3 22. f3 Nd3 23. Bd4 Re8 24. Rad1 Nf4 25. Bf2 h5 26. Rd4 Ne2+ 27. Kg2
Nxd4 28. Kxh3 hxg4+ 29. fxg4 Ne6 30. Nf3 Nf4+ 31. Kh4 Ng2+ 32. Kg3 Ne3 33. Re1
Nf5+ 34. gxf5 Rxe1 35. Bxe1 Bxf5 36. c5 Bb1 37. a3 Ba2 38. b4 g6 39. Kg4 Kg7
40. Ne5 Be6+ 41. Kf4 f6 42. Nf3 Kh6 43. Bd2 g5+ 44. Kg3 Kh5 45. Nd4 Bg4 46. Nf3
Bxf3 47. Kxf3 f5 48. a4 g4+ 49. Kf4 Kh4 50. Kxf5 g3 51. Be3 Kh3 52. Kf4 g2 53.
Bg1 1-0

[Event "Open"]
[Site "Louviers"]
[Date "2008.05.10"]
[Round "5"]
[White "Mouhamad, Joachin"]
[Black "Vallobra, Pierre"]
[Result "0-1"]
[WhiteElo "1899"]
[BlackElo "1906"]
[PlyCount "98"]
[EventDate "2008.05.22"]
[SourceDate "2008.05.22"]

1. e4 e6 2. d4 d5 3. e5 c5 4. c3 Nc6 5. Nf3 Nge7 6. Na3 cxd4 7. cxd4 Nf5 8. Nc2
Bd7 9. Be2 Be7 10. a3 O-O 11. O-O Rc8 12. b4 a6 13. Bd3 g6 14. Bxf5 exf5 15.
Qd2 Re8 16. Qh6 Bf8 17. Qh3 f4 18. g4 h5 19. Qh4 Bxg4 20. Ng5 Ne7 21. f3 Nf5
22. Qf2 Qxg5 23. fxg4 Qxg4+ 24. Kh1 Bh6 25. Ne1 Rc4 26. Nf3 Rec8 27. e6 Rc2 28.
exf7+ Kh7 29. Bd2 Qh3 30. Kg1 Nd6 31. Rad1 Nxf7 32. Rfe1 R8c7 33. Qe2 Nd6 34.
Qe5 Qg4+ 35. Kf2 Ne4+ 36. Rxe4 dxe4 37. Qxe4 Qf5 38. Qe8 Qf7 39. Qe4 Qe7 40.
Qd3 R7c3 41. Qf1 Qe3+ 42. Kg2 Rd3 43. Qf2 Qe4 44. h4 Bg7 45. Re1 Rdxd2 46. Kg1
Rxf2 47. Ng5+ Kg8 48. Rxe4 Rfe2 49. Rxf4 Re1+ 0-1

[Event "Open"]
[Site "Louviers"]
[Date "2008.05.10"]
[Round "5"]
[White "Lecoeur, Boris"]
[Black "Bordelet, Louis"]
[Result "1/2-1/2"]
[WhiteElo "1745"]
[BlackElo "1840"]
[PlyCount "117"]
[EventDate "2008.05.22"]
[SourceDate "2008.05.22"]

1. d4 Nf6 2. c4 g6 3. Nc3 Bg7 4. e4 d6 5. Nf3 O-O 6. Be2 e5 7. O-O Nc6 8. d5
Ne7 9. Ne1 Bd7 10. Nd3 a6 11. c5 Ne8 12. cxd6 cxd6 13. b4 f5 14. a4 f4 15. a5
Nf6 16. h3 g5 17. Bd2 Qe8 18. Nb2 h5 19. Nc4 Nc8 20. f3 Qg6 21. Na4 g4 22. Nab6
gxh3 23. Rf2 Qg3 24. Be1 Nxb6 25. Nxb6 Rad8 26. Rc1 Rf7 27. Bf1 Bf8 28. Rc7 Rg7
29. Rfc2 h2+ 30. Kh1 Qg5 31. Rxb7 Rg6 32. Nxd7 Nxd7 33. Bxa6 h4 34. Bf1 Nf6 35.
a6 Bg7 36. Qe2 Kh7 37. Qf2 Rh6 38. a7 Nh5 39. Qb6 Ng3+ 40. Bxg3 fxg3 41. Rb8
Rd7 42. a8=Q Rf7 43. Qa3 Qf6 44. Qae3 Rg6 45. Qd8 Qxd8 46. Rxd8 Bh6 47. Rcc8
Bxe3 48. Rh8+ Kg7 49. Rcg8+ Kf6 50. Rxg6+ Kxg6 51. Rc8 Bd4 52. Rc6 Rd7 53. b5
Bc5 54. b6 Rb7 55. Ba6 Rxb6 56. Rxb6 Bxb6 57. Bb7 Kg5 58. Bc6 Kf4 59. Bd7
1/2-1/2